000 00349nam a2200145Ia 4500
008 190704s9999||||xx |||||||||||||| ||und||
020 _a9780240817705
082 _a808.23
_bPAE/P
100 _aPaez, Sergio
245 0 _aProfessional Story Boarding
260 _aUK
_bElsevier inc
_c2013
300 _a257p
700 _a jew, Anson
942 _cBK
999 _c6109
_d6109